00530nam a2200157Ia 4500100002800000942000700028654001200035245002200047260003800069082001600107300000800123546001200131999001700143952010600160952010600266 aSingh/S.P./ Bagde/M.K.  cBK aquantum aQuantum mechanics bS.Chand and Co.aNew Dellhic1984 a530.12bSIN a182 aENGLISH c34772d34772 001040708CRCaCRCEbCRCEd2023-03-17g20.00l0o530.12 SINp188r2023-03-17v20.00w2023-03-17yBK 001040708CRCaCRCEbCRCEd2023-03-17g20.00l0o530.12 SINp189r2023-03-17v20.00w2023-03-17yBK